A history of Democratic Kampuchea, 1975-1979 / (Record no. 2805)

MARC details
000 -LEADER
fixed length control field 01069cam a22002777a 4500
001 - CONTROL NUMBER
control field 2805
003 - CONTROL NUMBER IDENTIFIER
control field FISKH
005 - DATE AND TIME OF LATEST TRANSACTION
control field 20240116090327.0
008 - FIXED-LENGTH DATA ELEMENTS--GENERAL INFORMATION
fixed length control field 070913s2007 cb ab b 000 0 eng
010 ## - LIBRARY OF CONGRESS CONTROL NUMBER
LC control number 2007305686
020 ## - INTERNATIONAL STANDARD BOOK NUMBER
International Standard Book Number 9995060043
040 ## - CATALOGING SOURCE
Original cataloging agency DLC
Transcribing agency DLC
Modifying agency DLC
042 ## - AUTHENTICATION CODE
Authentication code lcode
050 00 - LIBRARY OF CONGRESS CALL NUMBER
Classification number MLCM 2009/41238 (H)
082 ## - DEWEY DECIMAL CLASSIFICATION NUMBER
Classification number 959.6
100 1# - MAIN ENTRY--PERSONAL NAME
Personal name Khamboly Dy.
245 12 - TITLE STATEMENT
Title A history of Democratic Kampuchea, 1975-1979 /
Statement of responsibility, etc. Khamboly Dy.
260 ## - PUBLICATION, DISTRIBUTION, ETC.
Place of publication, distribution, etc. Phnom Penh :
Name of publisher, distributor, etc. Documentation Center of Cambodia,
Date of publication, distribution, etc. 2007.
300 ## - PHYSICAL DESCRIPTION
Extent 73 pages :
Other physical details color illustrations, maps ;
Dimensions 28 cm.
504 ## - BIBLIOGRAPHY, ETC. NOTE
Bibliography, etc. note Includes bibliographical references (p. 67-69).
521 8# - TARGET AUDIENCE NOTE
Target audience note Provided with the support of the Embassy of the Federal Republic of Germany in Phnom Penh to benefit grade 9,10, 11 and 12 students of Cambodian High schools.
710 2# - ADDED ENTRY--CORPORATE NAME
Corporate name or jurisdiction name as entry element Documentation Center of Cambodia.
906 ## - LOCAL DATA ELEMENT F, LDF (RLIN)
a 7
b cbc
c origode
d 4
e ncip
f 20
g y-gencatlg
942 ## - ADDED ENTRY ELEMENTS (KOHA)
Source of classification or shelving scheme Library of Congress Classification
Koha item type Books
Suppress in OPAC No
Holdings
Withdrawn status Lost status Source of classification or shelving scheme Damaged status Not for loan Collection Home library Current library Shelving location Date acquired Total Checkouts Full call number Barcode Date last seen Date last checked out Price effective from Koha item type
    Dewey Decimal Classification     Non-Fiction Footprints International School Library Network Toul Kork Campus Footprints International School Library Network Toul Kork Campus   01/16/2024 1 Dy 959.6 MLCM 2009/41238 (H) 2024-0031 06/06/2024 05/28/2024 01/16/2024 Books